Podnikatelé u soudu. Jak postupovat v obchodních sporech.
Právne predpisy obchodného súdnictva platné v ČR od 1.1.1992, ako aj zmeny a doplnky podľa novely občianskeho súdneho poriadku, uskutočnenej zákonom č. 171/1993 Sb.
Salvato in:
| Autore principale: | |
|---|---|
| Natura: | Capitolo di libro |
| Lingua: | ceco |
| Soggetti: | |
| Tags: |
Nessun Tag, puoi essere il primo ad aggiungerne!!
|
MARC
| LEADER | 00000naa a2200000 4500 | ||
|---|---|---|---|
| 001 | r013121 | ||
| 005 | 20221213082013.1 | ||
| 041 | 0 | |a cze | |
| 044 | |a CZ | ||
| 245 | 1 | 0 | |a Podnikatelé u soudu. |b Jak postupovat v obchodních sporech. |c Petr Hlavsa |
| 520 | |a Právne predpisy obchodného súdnictva platné v ČR od 1.1.1992, ako aj zmeny a doplnky podľa novely občianskeho súdneho poriadku, uskutočnenej zákonom č. 171/1993 Sb. | ||
| 610 | 2 | 0 | |a zákonník obchodný |
| 610 | 2 | 0 | |a predpisy právne |
| 610 | 2 | 0 | |a Čechy |
| 610 | 2 | 0 | |a súdnictvo |
| 610 | 2 | 0 | |a zákony |
| 610 | 2 | 0 | |a podnikatelia |
| 610 | 2 | 0 | |a spory pracovné |
| 100 | 1 | |a Hlavsa, Petr | |